The sceptical feminist : a philosophical enquiry /

Bibliographic Details
Main Author: Richards, Janet Radcliffe
Format: Book
Language:English
Published: London ; Boston : Routledge & Kegan Paul, 1980.
Subjects:

MARC

Tag First Indicator Second Indicator Subfields
LEADER 00000cam a2200000 a 4500
001 in00000084681
005 20151008053207.0
008 820618s1980 enk b 00110 eng
010 |a  80040879  
015 |a GB*** 
019 |a 8463149 
020 |a 071000673X :  |c 912.00 
035 |a (OCoLC)07059831 
035 |9 AAH6601AM 
039 0 |a 2  |b 3  |c 3  |d 3  |e 3 
040 |a DLC  |c DLC  |d TXA  |d UtOrBLW 
043 |a e-uk--- 
049 |a TXAM  |c [1673390] 
050 0 0 |a HQ1597  |b  R5 
082 0 |a 305.4/2  |2 19 
100 1 |a Richards, Janet Radcliffe. 
245 1 4 |a The sceptical feminist :  |b a philosophical enquiry /  |c Janet Radcliffe Richards. 
264 1 |a London ;  |a Boston :  |b Routledge & Kegan Paul,  |c 1980. 
300 |a x, 306 pages ;  |c 23 cm. 
336 |a text  |b txt  |2 rdacontent 
337 |a unmediated  |b n  |2 rdamedia 
338 |a volume  |b nc  |2 rdacarrier 
500 |a Includes index. 
504 |a Bibliography: pages 300-301. 
650 0 |a Feminism  |z Great Britain. 
999 |a MARS 
999 f f |s 4cead856-b7dc-3616-916f-4aafd2959618  |i d446710d-e317-3988-8d14-fe26d2986e73  |t 0 
952 f f |p ric  |a Texas A&M University  |b Rellis Campus  |c Joint Library Facility  |d Remote Storage  |t 0  |e HQ1597 .R5  |h Library of Congress classification  |i unmediated -- volume  |m A14805956229 
998 f f |a HQ1597 .R5  |t 0  |l Remote Storage